00567nam a2200181 a 4500003001700000005001700017008004100034020002600075040002100101050002200122100002100144245006000165250001200225260003300237300003500270504005100305650002900356ALUPE UNIVERSITY20220331092318.0900629s1989 enka b 001 0 eng  a0713145870 (AISE ed.) cALUPE UNIVERSITY00aRC607.b.P73 19881 aPratt, Robert J.10aAIDS :ba strategy for nursing care /cRobert J. Pratt. a2nd ed. aLondon :bE. Arnold,cc1988. aviii, 248 p. :bill. ;c22 cm. aIncludes bibliographical references and index. 0aAIDS (Disease)xNursing.